000
00313nam a2200133Ia 4500
008
090707b ii f a fnsan d
100
_a
Bedi, Sohinder Singh Wanjara
_9
18436
245
_a
Madhkali Kav-Bodh
260
_a
Delhi
260
_b
Punjabi Sahit Sabha
260
_c
1987
300
_a
92p.
942
_c
BK
999
_c
17199
_d
17199